书目信息 |
| 题名: |
魔法数学
|
|
| 作者: | 白丁 编著 | |
| 分册: | ||
| 出版信息: | 北京 现代出版社 2004.01 |
|
| 页数: | 235页 | |
| 开本: | 20cm | |
| 丛书名: | ||
| 单 册: | ||
| 中图分类: | O1-49 | |
| 科图分类: | ||
| 主题词: | 数学--shu xue--普及读物 | |
| 电子资源: | ||
| ISBN: | 7-80188-177-X | |
| 000 | 00767nam0 2200229 450 | |
| 001 | 012007869578 | |
| 005 | 20070930102140.45 | |
| 010 | @a7-80188-177-X@dCNY18.00 | |
| 100 | @a20070815d2004 km y0chiy0120 ea | |
| 101 | 0 | @achi |
| 102 | @aCN@b110000 | |
| 105 | @aa z 000yy | |
| 200 | 1 | @a魔法数学@Amo fa shu xue@d= Math magic@f白丁编著@Fbai ding bian zhu@zeng |
| 210 | @a北京@c现代出版社@d2004.01 | |
| 215 | @a235页@c图@d20cm | |
| 330 | @a本书包括: 移棋子;拆炸弹;数三角形;分苹果;渡河;脑筋急转弯;狼、羊和白菜等内容。采用生动有趣的形式,收集了近百个数学游戏和谜题,并给出了解题方法和答案。 | |
| 510 | 1 | @aMath magic@zeng |
| 606 | 0 | @a数学@Ashu xue@j普及读物 |
| 690 | @aO1-49@v4 | |
| 701 | 0 | @a白丁@Abai ding@4编著 |
| 801 | 0 | @aCN@c20070930 |
| 905 | @dO1-49@eB112 | |
| 魔法数学= Math magic/白丁编著.-北京:现代出版社,2004.01 |
| 235页:图;20cm |
| ISBN 7-80188-177-X:CNY18.00 |
| 本书包括: 移棋子;拆炸弹;数三角形;分苹果;渡河;脑筋急转弯;狼、羊和白菜等内容。采用生动有趣的形式,收集了近百个数学游戏和谜题,并给出了解题方法和答案。 |
| ● |
| 相关链接 |
|
|
|
正题名:魔法数学
索取号:O1-49/B112
 
预约/预借
| 序号 | 登录号 | 条形码 | 馆藏地/架位号 | 状态 | 备注 |
| 1 | 254677 | 202546771 | 自科库401/401自科库 105排4列3层/ [索取号:O1-49/B112] | 在馆 | |
| 2 | 254678 | 202546780 | 自科二线504/504自科库 43排2列3层/ [索取号:O1-49/B112] | 在馆 | |
| 3 | 254679 | 202546799 | 期刊室512/401自科库 105排4列3层/ [索取号:O1-49/B112] | 在馆 |